OPEN CHANNEL FLOW. (Record no. 216969)

MARC details
000 -LEADER
fixed length control field 00510nam a22001697a 4500
008 - FIXED-LENGTH DATA ELEMENTS--GENERAL INFORMATION
fixed length control field 260415b |||||||| |||| 00| 0 eng d
020 ## - INTERNATIONAL STANDARD BOOK NUMBER
International Standard Book Number 978-81-203-3522-6
050 ## - LIBRARY OF CONGRESS CALL NUMBER
Classification number TC 175 .D37 2025
100 ## - MAIN ENTRY--PERSONAL NAME
Personal name DAS, MADAN MOHAN.
245 ## - TITLE STATEMENT
Title OPEN CHANNEL FLOW.
260 ## - PUBLICATION, DISTRIBUTION, ETC.
Place of publication, distribution, etc. DELHI,
Name of publisher, distributor, etc. PHI LEARNING PRIVATE LIMITED,
Date of publication, distribution, etc. 2025.
300 ## - PHYSICAL DESCRIPTION
Extent XIV, 346 P, ILL
500 ## - GENERAL NOTE
General note INCLUDES INDEX.
650 ## - SUBJECT ADDED ENTRY
Topical term or geographic name entry element 1. HYDRAULIC ENGINEERING- TEXTBOOKS. 2. OPEN CHANNEL FLOW- TEXTBOOKS
942 ## - ADDED ENTRY ELEMENTS (KOHA)
Source of classification or shelving scheme Library of Congress Classification
Koha item type Long Loan Book
Holdings
Withdrawn status Lost status Source of classification or shelving scheme Damaged status Not for loan Collection Home library Current library Shelving location Date acquired Inventory number Total checkouts Full call number Barcode Date last seen Copy number Price effective from Koha item type
    Library of Congress Classification     Science & Technology Kisii University Library Kisii University Library On Display 04/15/2026 112787   TC 175 .D37 2025 a001578 04/15/2026 1 04/15/2026 Long Loan Book
    Library of Congress Classification     Science & Technology Kisii University Library Kisii University Library On Display 04/15/2026 112788   TC 175 .D37 2025 a001575 04/15/2026 2 04/15/2026 Long Loan Book
    Library of Congress Classification     Science & Technology Kisii University Library Kisii University Library On Display 04/15/2026 112789   TC 175 .D37 2025 a001576 04/15/2026 3 04/15/2026 Long Loan Book
    Library of Congress Classification     Science & Technology Kisii University Library Kisii University Library On Display 04/15/2026 112790   TC 175 .D37 2025 a001573 04/15/2026 4 04/15/2026 Long Loan Book